Biblioteca virtual en salud = (Registro nro. 39195)
[ vista simple ]
| 000 -CABECERA | |
|---|---|
| campo de control de longitud fija | 00682nam a2200169 a 4500 |
| 001 - NÚMERO DE CONTROL | |
| campo de control | 000039705 |
| 005 - FECHA Y HORA DE LA ÚLTIMA TRANSACCIÓN | |
| campo de control | 20201002033705.0 |
| 008 - DATOS DE LONGITUD FIJA--INFORMACIÓN GENERAL | |
| campo de control de longitud fija | 130716s1998 br 000 0 spa d |
| 040 ## - FUENTE DE LA CATALOGACIÓN | |
| Centro catalogador/agencia de origen | DO-SdBNP |
| Lengua de catalogación | spa |
| Centro/agencia transcriptor | BNPHU |
| 245 00 - MENCIÓN DE TÍTULO | |
| Título | Biblioteca virtual en salud = |
| Resto del título | Virtual health library / |
| Mención de responsabilidad, etc. | Editado por Abel Laerte Packer, Elenice de Castro. |
| 246 14 - FORMA VARIANTE DE TÍTULO | |
| Título propio/Titulo breve | Virtual health library |
| 260 ## - PUBLICACIÓN, DISTRIBUCIÓN, ETC. | |
| Lugar de publicación, distribución, etc. | Sao Paulo : |
| Nombre del editor, distribuidor, etc. | Centro Latinoamericano y del Caribe de Informacion en Ciencias de la Salud, |
| Fecha de publicación, distribución, etc. | 1998. |
| 300 ## - DESCRIPCIÓN FÍSICA | |
| Extensión | 122, 120 p. : |
| Otras características físicas | il. ; |
| Dimensiones | 20 cm. |
| 563 ## - NOTA DE ENCUADERNACIÓN | |
| Nota de encuadernación | Dos obras encuadernada junta con paginación invertida |
| 700 1# - PUNTO DE ACCESO ADICIONAL--NOMBRE DE PERSONA | |
| Nombre de persona | Laerte Packer, Abel |
| Término indicativo de función/relación | ed. |
| 9 (RLIN) | 65896 |
| 700 1# - PUNTO DE ACCESO ADICIONAL--NOMBRE DE PERSONA | |
| Nombre de persona | Castro, Elenice de |
| Término indicativo de función/relación | ed. |
| 9 (RLIN) | 65897 |
| Estado de retiro | Estado de pérdida | Restricciones de uso | No para préstamo | Código de colección | Localización permanente | Ubicación/localización actual | Ubicación en estantería | Fecha de adquisición | Número de inventario | Total de préstamos | Signatura topográfica completa | Código de barras | Fecha visto por última vez | Precio válido a partir de | Tipo de ítem Koha | Número de copia |
|---|---|---|---|---|---|---|---|---|---|---|---|---|---|---|---|---|
| Excluido de préstamo | Monografías: Libros y Folletos | General | General | En catalogación | 16.07.2013 | LF1 | 39705-10 | 25.06.2020 | 25.06.2020 | No se presta | ||||||
| Excluido de préstamo | Monografías: Libros y Folletos | General | General | En catalogación | 16.07.2013 | LF1 | 39705-20 | 25.06.2020 | 25.06.2020 | No se presta | e. 2 |
